00646nab a2200193uuc4500001000800000005001700008008004100025035001200066040001300078041000800091100003900099245007900138650002900217650003600246650002600282650002200308650002100330773010100351139191720240202120546.0141113e20140605 spa  a1391917 ccomduadb aspa10aBahamon Castilla, Alvaro4auteaut10aDerecho del estado para el rescate en los contratos de concesión mineros aContratos de concesión 7aDerecho minero zColombia2lemb aUtilidades públicas aInterés privado aInterés social0 tRevista Nueva Época (Bogotá)gVol. 20, No. 42, Jun. 2014, 179-193w800803x0124-00130276018